Представление документа в формате MARC21

Поле Инд. ПП Название Значение
Тип записи a
Библиографический уровень a
001 Контрольный номер RU/IS/BASE/354897454
005 Дата корректировки 20180409143506.7
020 a ISBN 978-5-7609-0527-7
040 a Служба первич. каталог. НБ ТвГУ
b Код языка каталог. rus
e Правила каталог. PSBO
041 0_ a Код языка текста rus
098 b Факультет Педагогический
c Кафедра теологии
100 1_ a Автор Мещерякова Лариса Яковлевна
q Полное имя Мещерякова Л. Я.
245 10 a Заглавие Изучение тверской агиографии XVI-XVIII веков
b Продолж. заглавия материалы в помощь учителю
260 a Место издания Тверь
b Издательство Тверской государственный университет
c Дата издания 2009
653 a Ключевые слова Агиография
a Ключевые слова Житийная литература
a Ключевые слова Краеведение
a Ключевые слова Основы православной культуры
a Ключевые слова Тверская агиография
a Ключевые слова Тверские святые
a Ключевые слова Труды Тверского государственного университета
773 08 w Контрольный № источника RU/IS/BASE/305034152
t Название источника Родная словесность в школе и вузе
d Место и дата издания Тверь : Тверской государственный университет, 2009
g Прочая информация Вып. 4(6). - С. 93-99
856 u URL http://texts.lib.tversu.ru/texts/09108t.pdf
x Примечание для ЭОР Лицензионный договор 2014
i Дата подключения ЭОР 2014
x Примечание для ЭОР Реестр суммарного учета сетевых локальных документов
901 t Тип документа a
920 a Оператор Васи
954 a Дата поступления на обработку 20110331